000 01508cam a22004454a 4500
001 muse78147
003 MdBmJHUP
005 20210127151357.0
006 m o d
007 cr||||||||nn|n
008 750219s1975 mdu o 00 0 eng d
010 _z 74024378
020 _a9781421431772
020 _z0801816181
020 _z9781421431765
035 _a(OCoLC)1117490472
040 _aMdBmJHUP
_cMdBmJHUP
043 _ae-fr---
_ae-uk-en
050 0 4 _aBR845
_b.G36
082 0 _a209/.44
100 1 _aGarrett, Clarke,
_d1935-
245 1 0 _aRespectable Folly
_bMillenarians and the French Revolution in France and England /
_cClarke Garrett.
264 1 _bJohns Hopkins University Press,
264 3 _bProject MUSE,
300 _a1 online resource (x, 237 p.)
504 _aIncludes bibliographical references and index.
506 0 _aOpen Access
_fUnrestricted online access
_2star
588 _aDescription based on print version record.
650 0 _aMillennialism
_zEngland.
650 0 _aMillennialism
_zFrance.
651 0 _aFrance
_xHistory
_yRevolution, 1789-1799.
655 7 _aElectronic books.
_2local
710 2 _aProject Muse.
_edistributor
830 0 _aBook collections on Project MUSE.
856 4 0 _zFull text available:
_uhttps://muse.jhu.edu/book/67841/
999 _c25569
_d25569